| 000 | 005500000a22001810004500 | ||
|---|---|---|---|
| 020 | _a0-87630-199-5 | ||
| 041 | 0 | _aENG | |
| 082 | 0 | 4 | _aG 362.82 J176m |
| 100 | 1 | _aJacobson, Neil S. (1949-) | |
| 245 | 1 | 0 | _aMarital therapy : Strategies based on social learning and behavior exchange principles / Neil S. Jacobson, Gayla Margolin |
| 260 | _aNew York, N.Y., USA : Brunner | ||
| 300 | _aXV, 415 Pag | ||
| 001 | 9783 | ||
| 942 | _cBK | ||
| 999 |
_c39636 _d39636 |
||
| 336 |
_atexto _btxt _2rdacontent |
||
| 337 |
_2rdamedia _asin mediación _bn |
||
| 338 |
_2rdacarrier _avolumen _bnc |
||